Celebrities Perfectly Named for their Jobs - Statistics

General Stats
  • This quiz has been taken 22,120 times
    22,072 since last reset
  • The average score is 9 of 19
Answer Stats
Hint Famous Person % Correct
Jamaican runner as fast as lightning Usain {Bolt}
100%
American golfer who uses irons and... Tiger {Woods}
94%
American race car driver who feels the need for... Scott {Speed}
83%
President who signed hundreds of these into law {Bill} Clinton
79%
English 1966 World Cup winner who kicked this Alan {Ball}
72%
Driver in Ford v Ferrari who went 200 of these per hour Ken {Miles}
62%
Australian tennis player who often won on centre... Margaret {Court}
56%
British celebrity chef who cooks here Tom {Kitchin}
46%
British weather presenter who might predict a snowstorm Sara {Blizzard}
41%
American TV meteorologist who might predict this at 32°F Amy {Freeze}
40%
Dutch footballer with a strong right-footed... {Kik} Pierie
38%
English romantic poet who knew writing's value William {Wordsworth}
35%
Investment banking partner of Sachs who was made of money Marcus {Goldman}
33%
Director of the Amazing Spider-Man movies Marc {Webb}
30%
Baseball player who was more of a batter than a... Cecil {Fielder}
27%
NFL quarterback known for being a 70 yard ball... Willie {Thrower}
26%
The 2018 MTV Europe Best German Act was this pop... Mike {Singer}
25%
2000 Olympics American high jumper, or perhaps high... Nathan {Leeper}
21%
NFL quarterback with 10,000 yards of ball throws, who could... {Chuck} Long
9%
No matching quizzes found
Score Distribution
Percent of People with Each Score
Percentile by Number Answered
Your Score History
You have not taken this quiz since the last reset